Cuiabá : (Record no. 1086)

MARC details
000 -LÍDER
Campo Fixo de Controle 00718nam a2200229 a 4500
001 - NÚMERO DE CONTROLE
Campo de Controle 1086
003 - IDENTIFICAÇÃO DO NÚMERO DE CONTROLE
Campo de Controle BR-CuiBMT
005 - DATA E HORA DA ÚLTIMA ATUALIZAÇÃO
Campo de Controle 20231128171149.0
008 - DADOS FIXOS
Dados Fixos 231128s2011 mtba 000 0 por d
020 ## - INTERNATIONAL STANDARD BOOK NUMBER
Nº do ISBN 9788587226921
040 ## - AGÊNCIA CATALOGADORA
Código da Agência Catalogadora BR-CuiBMT
Agência que transcreveu o registro BR-CuiBMT
080 ## - Nº DA CLASSIFICAÇÃO DECIMAL UNIVERSAL
Nº edição CDU 2007
Nº Class. CDU 911.375
Subd. Auxiliar Comum (817.2)
090 ## - NÚMERO DE CHAMADA
Nº classificação 911.375(817.2)
Cutter F866c
100 1# - ENTRADA PRINCIPAL -- AUTOR PESSOAL
Nome pessoal Freitas, Maria Auxiliadora
Datas associadas ao nome 1962-
245 10 - TÍTULO PRINCIPAL
Título principal Cuiabá :
Subtítulo imagens da cidade : dos primeiros registros à década de 1960 /
Indicação de responsabilidade Maria Auxiliadora de Freitas.
260 ## - PUBLICAÇÃO, DISTRIBUIÇÃO, ETC.
Local de publicação Cuiabá :
Editora Entrelinhas,
Data 2011.
300 ## - DESCRIÇÃO FÍSICA
N. páginas ou volumes 270 p. :
Ilustrações il. color. ;
Dimensões 31 cm
504 ## - NOTA DE BIBLIOGRAFIA, ETC.
Nota de bibliografia Inclui bibliografia.
650 ## - ASSUNTO TÓPICO
Cabeçalho tópico ou nome geográfico História
Subdivisão geográfica Cuiabá
650 ## - ASSUNTO TÓPICO
Cabeçalho tópico ou nome geográfico Fotografias
Subdivisão geográfica Cuiabá
942 ## - ELEMENTOS DE ENTRADA ADICIONAIS (KOHA)
Fonte de classificação ou esquema de arquivamento Classificação Decimal Universal
Tipo de item do Koha Livros
Holdings
Estado: removido Estado: perdido Fonte de classificação ou esquema de arquivamento Estado: danificado Indisponível para empréstimo Localização permanente Localização atual Data de aquisição Total Checkouts Número de Chamada completo Código de barras Date last seen Número do exemplar Preço efetivo a partir de Tipo de item (Koha)
    Classificação Decimal Universal     Biblioteca da Escola Superior de Contas do TCE/MT Biblioteca da Escola Superior de Contas do TCE/MT 28/11/2023   911.375(817.2) F866c BIBTCEMT23111250 28/11/2023 Ex. 1 28/11/2023 Livros
    Classificação Decimal Universal     Biblioteca da Escola Superior de Contas do TCE/MT Biblioteca da Escola Superior de Contas do TCE/MT 26/03/2024   911.375(817.2) F866c BIBTCEMT24030020 26/03/2024 Ex. 2 26/03/2024 Livros
    Classificação Decimal Universal     Biblioteca da Escola Superior de Contas do TCE/MT Biblioteca da Escola Superior de Contas do TCE/MT 26/03/2024   911.375(817.2) F866c BIBTCEMT24030021 26/03/2024 Ex. 3 26/03/2024 Livros

Powered by Koha